[Event "DEM U12w 2025"]
[Site "Willingen GER"]
[Date "2025.06.10"]
[Round "4"]
[White "Ratushna, Olha"]
[Black "Artemenko, Isabella"]
[Result "1/2-1/2"]
[Termination "normal"]
[Board "4"]
[WhiteElo "1734"]
[BlackElo "1652"]
[WhiteClock "00:11:56"]
[BlackClock "00:01:36"]
[PlyCount "130"]
[WhiteFideId "34172602"]
[BlackFideId "34639616"]
[EventCountry "GER"]
[EventRounds "9"]
[EventType "swiss"]
[EventDate "2025.06.07"]

1. e4 {[%clk 01:30:58]} {[%emt 00:00:02]} d5 {[%clk 01:30:57]} {[%emt
00:00:04]} 2. exd5 {[%clk 01:31:16]} {[%emt 00:00:11]} Qxd5 {[%clk 01:31:22]}
{[%emt 00:00:05]} 3. Nc3 {[%clk 01:31:30]} {[%emt 00:00:16]} Qa5 {[%clk
01:31:49]} {[%emt 00:00:04]} 4. Nf3 {[%clk 01:31:45]} {[%emt 00:00:15]} Nf6
{[%clk 01:32:14]} {[%emt 00:00:05]} 5. Bc4 {[%clk 01:31:24]} {[%emt 00:00:49]}
Bg4 {[%clk 01:32:40]} {[%emt 00:00:06]} 6. O-O {[%clk 01:31:00]} {[%emt
00:00:53]} Nc6 {[%clk 01:33:07]} {[%emt 00:00:03]} 7. h3 {[%clk 01:30:52]}
{[%emt 00:00:37]} Bh5 {[%clk 01:33:23]} {[%emt 00:00:15]} 8. Be2 {[%clk
01:28:09]} {[%emt 00:03:13]} O-O-O {[%clk 01:33:34]} {[%emt 00:00:19]} 9. d3
{[%clk 01:28:02]} {[%emt 00:00:36]} e5 {[%clk 01:24:12]} {[%emt 00:09:53]} 10.
Bd2 {[%clk 01:22:54]} {[%emt 00:05:37]} h6 {[%clk 01:09:14]} {[%emt 00:15:29]}
11. a3 {[%emt 00:03:40]} Qc5 {[%clk 00:59:54]} {[%emt 00:07:46]} 12. b4 {[%clk
01:16:54]} {[%emt 00:05:23]} Qd6 {[%clk 00:57:10]} {[%emt 00:03:14]} 13. b5
{[%clk 01:12:59]} {[%emt 00:04:25]} Ne7 {[%clk 00:57:16]} {[%emt 00:00:24]} 14.
Na4 {[%clk 01:11:26]} {[%emt 00:02:04]} Bxf3 {[%clk 00:49:33]} {[%emt
00:08:13]} 15. Bxf3 {[%clk 01:11:53]} {[%emt 00:00:02]} Qd4 {[%clk 00:49:51]}
{[%emt 00:00:12]} 16. Nc3 {[%clk 01:02:16]} {[%emt 00:10:08]} g5 {[%clk
00:48:42]} {[%emt 00:01:39]} 17. Ne4 {[%clk 00:57:56]} {[%emt 00:04:50]} Nxe4
{[%clk 00:48:45]} {[%emt 00:00:27]} 18. Bxe4 {[%clk 00:58:23]} {[%emt
00:00:02]} f5 {[%clk 00:48:34]} {[%emt 00:00:42]} 19. Bf3 {[%clk 00:57:35]}
{[%emt 00:01:18]} e4 {[%clk 00:42:19]} {[%emt 00:06:45]} 20. Be2 {[%clk
00:56:18]} {[%emt 00:01:46]} Qe5 {[%clk 00:35:50]} {[%emt 00:06:59]} 21. Qe1
{[%clk 00:53:46]} {[%emt 00:03:01]} Bg7 {[%clk 00:35:48]} {[%emt 00:00:34]} 22.
Rb1 {[%clk 00:52:25]} {[%emt 00:01:50]} Nd5 {[%clk 00:31:51]} {[%emt 00:04:28]}
23. dxe4 {[%clk 00:50:14]} {[%emt 00:02:41]} fxe4 {[%clk 00:29:21]} {[%emt
00:03:00]} 24. Bg4+ {[%clk 00:49:35]} {[%emt 00:01:08]} Kb8 {[%clk 00:29:37]}
{[%emt 00:00:14]} 25. Rb3 {[%clk 00:46:25]} {[%emt 00:03:40]} h5 {[%clk
00:29:53]} {[%emt 00:00:15]} 26. Bd1 {[%clk 00:46:06]} {[%emt 00:00:46]} Rde8
{[%clk 00:24:32]} {[%emt 00:05:53]} 27. c4 {[%clk 00:45:27]} {[%emt 00:01:10]}
Nf4 {[%clk 00:23:33]} {[%emt 00:01:29]} 28. Bc3 {[%clk 00:45:14]} {[%emt
00:00:42]} Qe7 {[%clk 00:23:57]} {[%emt 00:00:04]} 29. Bxg7 {[%clk 00:45:24]}
{[%emt 00:00:22]} Qxg7 {[%clk 00:24:22]} {[%emt 00:00:05]} 30. Qc3 {[%clk
00:44:48]} {[%emt 00:01:04]} Qg6 {[%clk 00:24:01]} {[%emt 00:00:54]} 31. Qe3
{[%clk 00:44:25]} {[%emt 00:00:50]} Qf5 {[%clk 00:23:39]} {[%emt 00:00:55]} 32.
Qg3 {[%clk 00:38:45]} {[%emt 00:06:06]} Rd8 {[%clk 00:19:15]} {[%emt 00:04:58]}
33. Kh1 {[%clk 00:35:39]} {[%emt 00:03:35]} Qc5 {[%clk 00:18:18]} {[%emt
00:01:25]} 34. Rc3 {[%clk 00:35:15]} {[%emt 00:00:56]} Rd4 {[%clk 00:17:43]}
{[%emt 00:01:06]} 35. Qe3 {[%clk 00:32:13]} {[%emt 00:03:29]} Rhd8 {[%clk
00:13:48]} {[%emt 00:04:28]} 36. f3 {[%clk 00:28:02]} {[%emt 00:04:40]} Qe5
{[%clk 00:11:36]} {[%emt 00:02:42]} 37. Bc2 {[%clk 00:27:24]} {[%emt 00:01:08]}
Nd3 {[%clk 00:11:07]} {[%emt 00:00:59]} 38. Bxd3 {[%clk 00:26:14]} {[%emt
00:01:40]} Rxd3 {[%clk 00:11:10]} {[%emt 00:00:28]} 39. Rxd3 {[%clk 00:26:35]}
{[%emt 00:00:09]} Rxd3 {[%clk 00:11:36]} {[%emt 00:00:03]} 40. Qxe4 {[%clk
00:26:53]} {[%emt 00:00:12]} Re3 {[%clk 00:11:40]} {[%emt 00:00:26]} 41. Rd1
{[%clk 00:25:28]} {[%emt 00:01:55]} Kc8 {[%clk 00:11:41]} {[%emt 00:00:30]} 42.
Qxe5 {[%clk 00:24:29]} {[%emt 00:01:29]} Rxe5 {[%clk 00:12:06]} {[%emt
00:00:05]} 43. Kg1 {[%clk 00:24:44]} {[%emt 00:00:15]} Rc5 {[%clk 00:12:31]}
{[%emt 00:00:05]} 44. Rd4 {[%clk 00:24:54]} {[%emt 00:00:17]} c6 {[%clk
00:12:39]} {[%emt 00:00:24]} 45. a4 {[%clk 00:24:53]} {[%emt 00:00:31]} Kc7
{[%clk 00:12:43]} {[%emt 00:00:27]} 46. Kf2 {[%clk 00:20:48]} {[%emt 00:04:33]}
Kb6 {[%clk 00:12:50]} {[%emt 00:00:25]} 47. Ke3 {[%clk 00:20:49]} {[%emt
00:00:25]} Ka5 {[%clk 00:12:35]} {[%emt 00:00:49]} 48. Rd7 {[%clk 00:21:00]}
{[%emt 00:00:18]} Kb6 {[%clk 00:05:42]} {[%emt 00:07:24]} 49. a5+ {[%clk
00:20:16]} {[%emt 00:01:14]} Kxa5 {[%clk 00:06:08]} {[%emt 00:00:04]} 50. Rxb7
{[%clk 00:20:40]} {[%emt 00:00:05]} Rxc4 {[%clk 00:06:27]} {[%emt 00:00:11]}
51. bxc6 {[%clk 00:20:12]} {[%emt 00:00:58]} Ka6 {[%clk 00:06:50]} {[%emt
00:00:08]} 52. Rg7 {[%clk 00:19:48]} {[%emt 00:00:44]} Rc5 {[%clk 00:06:38]}
{[%emt 00:00:51]} 53. Kd4 {[%clk 00:19:41]} {[%emt 00:00:37]} Ra5 {[%clk
00:06:08]} {[%emt 00:01:00]} 54. Kc4 {[%clk 00:18:52]} {[%emt 00:01:19]} Kb6
{[%clk 00:06:13]} {[%emt 00:00:26]} 55. Rg6 {[%clk 00:18:01]} {[%emt 00:01:15]}
Rf5 {[%clk 00:05:56]} {[%emt 00:00:52]} 56. Kb4 {[%clk 00:15:25]} {[%emt
00:03:02]} Rb5+ {[%clk 00:06:03]} {[%emt 00:00:27]} 57. Ka4 {[%clk 00:15:03]}
{[%emt 00:00:33]} Ra5+ {[%clk 00:05:50]} {[%emt 00:01:03]} 58. Kb4 {[%clk
00:15:25]} {[%emt 00:00:07]} Rf5 {[%clk 00:06:07]} {[%emt 00:00:13]} 59. Ka4
{[%clk 00:15:01]} {[%emt 00:00:52]} Re5 {[%clk 00:03:32]} {[%emt 00:03:07]} 60.
Kb4 {[%clk 00:12:04]} {[%emt 00:03:27]} Rf5 {[%clk 00:01:01]} {[%emt 00:03:01]}
61. Ka4 {[%clk 00:10:53]} {[%emt 00:01:38]} Ra5+ {[%clk 00:01:10]} {[%emt
00:00:24]} 62. Kb4 {[%clk 00:11:16]} {[%emt 00:00:06]} Rf5 {[%clk 00:00:58]}
{[%emt 00:00:43]} 63. Ka4 {[%clk 00:11:41]} {[%emt 00:00:06]} Rf4+ {[%emt
00:00:31]} 64. Kb3 {[%clk 00:11:28]} {[%emt 00:00:38]} Rf5 {[%clk 00:01:27]}
{[%emt 00:00:05]} 65. Ka4 {[%clk 00:11:56]} {[%emt 00:00:01]} Ra5+ {[%clk
00:01:36]} {[%emt 00:00:21]} 1/2-1/2

[Event "DEM U12w 2025"]
[Site "Willingen GER"]
[Date "2025.06.10"]
[Round "4"]
[White "Klymenko, Maria"]
[Black "Bayer, Klara"]
[Result "1/2-1/2"]
[Termination "normal"]
[Board "5"]
[WhiteElo "1728"]
[BlackElo "1678"]
[WhiteClock "00:28:39"]
[BlackClock "00:25:47"]
[PlyCount "58"]
[WhiteFideId "34620621"]
[BlackFideId "34658955"]
[EventCountry "GER"]
[EventRounds "9"]
[EventType "swiss"]
[EventDate "2025.06.07"]

1. e4 {[%clk 01:30:58]} c6 {[%clk 01:30:54]} {[%emt 00:00:07]} 2. d4 {[%clk
01:31:23]} {[%emt 00:00:05]} d5 {[%clk 01:31:20]} {[%emt 00:00:05]} 3. exd5
{[%clk 01:31:48]} {[%emt 00:00:05]} cxd5 {[%clk 01:31:43]} {[%emt 00:00:07]} 4.
Bd3 {[%clk 01:32:13]} {[%emt 00:00:04]} Nc6 {[%clk 01:31:26]} {[%emt 00:00:47]}
5. c3 {[%clk 01:32:34]} {[%emt 00:00:09]} Qc7 {[%clk 01:31:16]} {[%emt
00:00:40]} 6. Nf3 {[%clk 01:32:42]} {[%emt 00:00:22]} Bg4 {[%clk 01:31:30]}
{[%emt 00:00:16]} 7. Bg5 {[%clk 01:32:27]} {[%emt 00:00:43]} e6 {[%clk
01:30:55]} {[%emt 00:01:07]} 8. Nbd2 {[%clk 01:32:15]} {[%emt 00:00:42]} Nf6
{[%clk 01:26:25]} {[%emt 00:04:59]} 9. Bh4 {[%clk 01:30:51]} {[%emt 00:01:53]}
Bd6 {[%clk 01:23:18]} {[%emt 00:03:39]} 10. Qc2 {[%clk 01:28:11]} {[%emt
00:03:10]} h6 {[%clk 01:22:31]} {[%emt 00:01:17]} 11. Bg3 {[%clk 01:27:07]}
{[%emt 00:01:33]} a6 {[%clk 01:18:46]} {[%emt 00:04:16]} 12. Bxd6 {[%clk
01:26:10]} {[%emt 00:01:27]} Qxd6 {[%clk 01:19:03]} {[%emt 00:00:13]} 13. h3
{[%clk 01:25:40]} {[%emt 00:00:59]} Bxf3 {[%clk 01:18:57]} {[%emt 00:00:38]}
14. Nxf3 {[%clk 01:26:02]} {[%emt 00:00:07]} O-O {[%emt 00:12:37]} 15. O-O
{[%clk 01:25:40]} {[%emt 00:00:49]} b5 {[%clk 01:06:35]} {[%emt 00:00:47]} 16.
a3 {[%clk 01:24:21]} {[%emt 00:01:50]} Rab8 {[%clk 01:04:12]} {[%emt 00:02:54]}
17. Qe2 {[%clk 01:23:37]} {[%emt 00:01:12]} Na5 {[%clk 00:59:29]} {[%emt
00:05:14]} 18. a4 {[%clk 01:18:13]} {[%emt 00:05:54]} Qb6 {[%clk 00:52:47]}
{[%emt 00:07:08]} 19. Ra2 {[%clk 01:12:23]} {[%emt 00:06:23]} Rfc8 {[%clk
00:50:55]} {[%emt 00:02:22]} 20. axb5 {[%clk 01:09:08]} {[%emt 00:03:46]} axb5
{[%clk 00:51:03]} {[%emt 00:00:22]} 21. Rfa1 {[%clk 01:08:34]} {[%emt
00:01:03]} Nc4 {[%clk 00:48:41]} {[%emt 00:02:53]} 22. Ra6 {[%clk 01:06:50]}
{[%emt 00:02:12]} Qc7 {[%clk 00:46:57]} {[%emt 00:02:12]} 23. Ra7 {[%clk
01:05:41]} {[%emt 00:01:42]} Rb7 {[%clk 00:43:24]} {[%emt 00:04:03]} 24. Rxb7
{[%clk 01:02:53]} {[%emt 00:03:20]} Qxb7 {[%clk 00:43:43]} {[%emt 00:00:10]}
25. b3 {[%clk 00:47:07]} {[%emt 00:16:14]} Nd6 {[%clk 00:43:50]} {[%emt
00:00:22]} 26. Qb2 {[%clk 00:47:11]} {[%emt 00:00:27]} Nd7 {[%clk 00:35:35]}
{[%emt 00:08:45]} 27. Nd2 {[%clk 00:34:37]} {[%emt 00:13:03]} Nb6 {[%clk
00:27:11]} {[%emt 00:08:56]} 28. Rc1 {[%clk 00:30:19]} {[%emt 00:04:48]} Qc6
{[%clk 00:26:26]} {[%emt 00:01:15]} 29. f3 {[%clk 00:28:39]} {[%emt 00:02:11]}
Qc7 {[%clk 00:25:47]} {[%emt 00:01:09]} 1/2-1/2

[Event "DEM U12w 2025"]
[Site "Willingen GER"]
[Date "2025.06.10"]
[Round "4"]
[White "Heidtkamp, Anna"]
[Black "Gubler, Sarah"]
[Result "1/2-1/2"]
[Termination "normal"]
[Board "6"]
[WhiteElo "1555"]
[BlackElo "1742"]
[WhiteClock "00:39:56"]
[BlackClock "00:54:38"]
[PlyCount "52"]
[WhiteFideId "16269012"]
[BlackFideId "533040699"]
[EventCountry "GER"]
[EventRounds "9"]
[EventType "swiss"]
[EventDate "2025.06.07"]

1. e4 {[%clk 01:30:59]} e5 {[%clk 01:30:51]} {[%emt 00:00:09]} 2. Nf3 {[%clk
01:31:25]} {[%emt 00:00:04]} Nc6 {[%clk 01:31:14]} {[%emt 00:00:07]} 3. Bc4
{[%clk 01:31:51]} {[%emt 00:00:05]} Bc5 {[%clk 01:31:31]} {[%emt 00:00:12]} 4.
c3 {[%clk 01:32:16]} {[%emt 00:00:06]} Nf6 {[%clk 01:31:46]} {[%emt 00:00:15]}
5. d3 {[%clk 01:32:40]} {[%emt 00:00:05]} O-O {[%clk 01:31:49]} {[%emt
00:00:27]} 6. Bg5 {[%clk 01:32:47]} {[%emt 00:00:23]} h6 {[%clk 01:31:28]}
{[%emt 00:00:51]} 7. Bh4 {[%clk 01:32:41]} {[%emt 00:00:36]} Be7 {[%clk
01:30:41]} {[%emt 00:01:18]} 8. Nbd2 {[%clk 01:30:39]} {[%emt 00:02:31]} d6
{[%clk 01:29:15]} {[%emt 00:01:56]} 9. h3 {[%clk 01:29:50]} {[%emt 00:01:19]}
Be6 {[%clk 01:27:51]} {[%emt 00:01:55]} 10. g4 {[%clk 01:26:53]} {[%emt
00:03:26]} Nh7 {[%clk 01:26:18]} {[%emt 00:02:03]} 11. Bxe7 {[%clk 01:25:46]}
{[%emt 00:01:38]} Qxe7 {[%clk 01:25:48]} {[%emt 00:01:00]} 12. Qe2 {[%clk
01:18:54]} {[%emt 00:07:22]} a5 {[%clk 01:21:06]} {[%emt 00:05:11]} 13. O-O-O
{[%clk 01:14:02]} {[%emt 00:05:22]} Rfb8 {[%clk 01:17:18]} {[%emt 00:04:18]}
14. Bd5 {[%clk 01:11:15]} {[%emt 00:03:17]} Nd8 {[%clk 01:16:33]} {[%emt
00:01:15]} 15. Kb1 {[%clk 01:02:02]} {[%emt 00:09:43]} c6 {[%clk 01:12:51]}
{[%emt 00:04:13]} 16. Bxe6 {[%clk 00:59:41]} {[%emt 00:02:50]} Nxe6 {[%clk
01:11:52]} {[%emt 00:01:29]} 17. Rdg1 {[%clk 00:57:54]} {[%emt 00:02:17]} Kf8
{[%clk 01:05:06]} {[%emt 00:07:16]} 18. h4 {[%clk 00:55:39]} {[%emt 00:02:45]}
g6 {[%clk 01:02:35]} {[%emt 00:03:01]} 19. Qe3 {[%clk 00:54:49]} {[%emt
00:01:21]} Nf4 {[%clk 00:59:05]} {[%emt 00:03:59]} 20. g5 {[%clk 00:52:06]}
{[%emt 00:03:12]} h5 {[%clk 00:59:10]} {[%emt 00:00:26]} 21. d4 {[%clk
00:51:26]} {[%emt 00:01:10]} b5 {[%clk 00:57:45]} {[%emt 00:01:55]} 22. Rc1
{[%clk 00:42:44]} {[%emt 00:09:12]} Ng2 {[%clk 00:54:38]} {[%emt 00:03:37]} 23.
Qe2 {[%clk 00:42:34]} {[%emt 00:00:39]} Nf4 {[%clk 00:54:30]} {[%emt 00:00:37]}
24. Qe3 {[%clk 00:42:50]} {[%emt 00:00:16]} Ng2 {[%clk 00:54:31]} {[%emt
00:00:29]} 25. Qe2 {[%clk 00:43:15]} {[%emt 00:00:06]} Nf4 {[%clk 00:54:38]}
{[%emt 00:00:22]} 26. Qe3 {[%clk 00:39:56]} {[%emt 00:03:49]} Ng2 {[%emt
00:01:30]} 1/2-1/2

[Event "DEM U12w 2025"]
[Site "Willingen GER"]
[Date "2025.06.10"]
[Round "4"]
[White "Sobczak, Zuzanna"]
[Black "Lukas, Olivia"]
[Result "1/2-1/2"]
[Termination "normal"]
[Board "7"]
[WhiteElo "1686"]
[BlackElo "1585"]
[WhiteClock "00:45:29"]
[BlackClock "00:27:34"]
[PlyCount "129"]
[WhiteFideId "34670050"]
[BlackFideId "34632239"]
[EventCountry "GER"]
[EventRounds "9"]
[EventType "swiss"]
[EventDate "2025.06.07"]

1. e4 {[%clk 01:30:59]} e5 {[%clk 01:30:57]} {[%emt 00:00:04]} 2. Nf3 {[%clk
01:31:25]} {[%emt 00:00:03]} Nc6 {[%clk 01:31:24]} {[%emt 00:00:03]} 3. Bc4
{[%clk 01:31:51]} {[%emt 00:00:05]} Bc5 {[%clk 01:31:49]} {[%emt 00:00:04]} 4.
O-O {[%clk 01:32:16]} {[%emt 00:00:05]} Nf6 {[%clk 01:32:06]} {[%emt 00:00:14]}
5. d4 {[%clk 01:32:41]} {[%emt 00:00:04]} exd4 {[%clk 01:31:45]} {[%emt
00:00:52]} 6. e5 {[%clk 01:33:04]} {[%emt 00:00:07]} d5 {[%clk 01:32:10]}
{[%emt 00:00:04]} 7. exf6 {[%clk 01:33:29]} {[%emt 00:00:05]} dxc4 {[%clk
01:32:36]} {[%emt 00:00:04]} 8. fxg7 {[%clk 01:33:54]} {[%emt 00:00:05]} Rg8
{[%clk 01:32:56]} {[%emt 00:00:10]} 9. Bg5 {[%clk 01:34:15]} {[%emt 00:00:09]}
Qd6 {[%clk 01:32:21]} {[%emt 00:01:05]} 10. Re1+ {[%clk 01:34:29]} {[%emt
00:00:16]} Be6 {[%clk 01:32:42]} {[%emt 00:00:08]} 11. Nbd2 {[%clk 01:34:52]}
{[%emt 00:00:08]} Qd5 {[%clk 01:24:26]} {[%emt 00:08:46]} 12. Ne4 {[%clk
01:34:43]} {[%emt 00:00:36]} Be7 {[%clk 01:23:33]} {[%emt 00:01:26]} 13. Bf6
{[%clk 01:31:12]} {[%emt 00:04:02]} d3 {[%clk 01:09:44]} {[%emt 00:14:18]} 14.
Qd2 {[%clk 01:26:45]} {[%emt 00:04:51]} Qf5 {[%clk 00:58:54]} {[%emt 00:11:26]}
15. Qh6 {[%clk 01:18:02]} {[%emt 00:09:09]} Qg6 {[%clk 00:59:04]} {[%emt
00:00:23]} 16. Qxg6 {[%clk 01:07:59]} {[%emt 00:10:34]} hxg6 {[%clk 00:59:06]}
{[%emt 00:00:27]} 17. cxd3 {[%clk 01:05:11]} {[%emt 00:03:20]} cxd3 {[%clk
00:59:23]} {[%emt 00:00:13]} 18. Bxe7 {[%clk 01:05:37]} {[%emt 00:00:03]} Kxe7
{[%clk 00:57:55]} {[%emt 00:01:58]} 19. Nc5 {[%clk 01:05:50]} {[%emt 00:00:16]}
Nb4 {[%clk 00:56:51]} {[%emt 00:01:35]} 20. Nxe6 {[%clk 01:03:55]} {[%emt
00:02:25]} fxe6 {[%clk 00:56:08]} {[%emt 00:01:13]} 21. Ng5 {[%clk 00:59:57]}
{[%emt 00:04:28]} Kf6 {[%clk 00:52:18]} {[%emt 00:04:20]} 22. Ne4+ {[%clk
00:58:42]} {[%emt 00:01:45]} Kxg7 {[%clk 00:52:14]} {[%emt 00:00:34]} 23. Rac1
{[%clk 00:58:31]} {[%emt 00:00:38]} c6 {[%clk 00:50:38]} {[%emt 00:02:09]} 24.
a3 {[%clk 00:57:22]} {[%emt 00:01:38]} d2 {[%clk 00:50:44]} {[%emt 00:00:25]}
25. Nxd2 {[%clk 00:54:25]} {[%emt 00:03:27]} Nd3 {[%clk 00:50:52]} {[%emt
00:00:22]} 26. Rcd1 {[%clk 00:54:52]} {[%emt 00:00:03]} Nxe1 {[%clk 00:51:14]}
{[%emt 00:00:08]} 27. Rxe1 {[%clk 00:55:16]} {[%emt 00:00:05]} Rad8 {[%clk
00:48:36]} {[%emt 00:03:09]} 28. Ne4 {[%clk 00:55:16]} {[%emt 00:00:30]} Rge8
{[%clk 00:44:29]} {[%emt 00:04:36]} 29. Kf1 {[%clk 00:54:57]} {[%emt 00:00:50]}
Rd5 {[%clk 00:44:29]} {[%emt 00:00:29]} 30. h4 {[%clk 00:51:30]} {[%emt
00:03:54]} b6 {[%clk 00:41:13]} {[%emt 00:03:50]} 31. Ng5 {[%clk 00:51:36]}
{[%emt 00:00:22]} Rd2 {[%clk 00:36:56]} {[%emt 00:04:49]} 32. Rc1 {[%clk
00:47:53]} {[%emt 00:04:12]} c5 {[%clk 00:35:02]} {[%emt 00:02:25]} 33. b4
{[%clk 00:48:21]} {[%emt 00:00:03]} Rd5 {[%clk 00:33:39]} {[%emt 00:01:49]} 34.
Ne4 {[%clk 00:46:39]} {[%emt 00:02:14]} Rd4 {[%clk 00:32:14]} {[%emt 00:01:55]}
35. f3 {[%clk 00:46:28]} {[%emt 00:00:41]} c4 {[%clk 00:32:26]} {[%emt
00:00:20]} 36. Ke2 {[%clk 00:45:02]} {[%emt 00:01:53]} b5 {[%clk 00:32:40]}
{[%emt 00:00:19]} 37. g4 {[%clk 00:41:16]} {[%emt 00:04:16]} Rd3 {[%clk
00:30:16]} {[%emt 00:02:52]} 38. a4 {[%clk 00:39:52]} {[%emt 00:01:56]} a6
{[%clk 00:30:16]} {[%emt 00:00:30]} 39. Nc5 {[%clk 00:37:48]} {[%emt 00:02:31]}
Ra3 {[%clk 00:28:48]} {[%emt 00:02:00]} 40. a5 {[%clk 00:37:11]} {[%emt
00:01:08]} e5 {[%clk 00:27:19]} {[%emt 00:01:59]} 41. Nxa6 {[%clk 00:33:14]}
{[%emt 00:04:26]} e4 {[%clk 00:27:32]} {[%emt 00:00:16]} 42. f4 {[%clk
00:33:27]} {[%emt 00:00:18]} Rb3 {[%clk 00:19:16]} {[%emt 00:08:45]} 43. Nc7
{[%clk 00:30:33]} {[%emt 00:03:25]} Re7 {[%clk 00:13:34]} {[%emt 00:06:11]} 44.
Nd5 {[%clk 00:28:54]} {[%emt 00:02:09]} Rd7 {[%clk 00:12:16]} {[%emt 00:01:48]}
45. Nb6 {[%clk 00:27:05]} {[%emt 00:02:19]} Rdd3 {[%clk 00:10:47]} {[%emt
00:01:59]} 46. Ra1 {[%clk 00:25:48]} {[%emt 00:01:49]} Ra3 {[%clk 00:09:41]}
{[%emt 00:01:36]} 47. Rxa3 {[%clk 00:25:24]} {[%emt 00:00:53]} Rxa3 {[%clk
00:10:04]} {[%emt 00:00:07]} 48. Nd5 {[%clk 00:25:27]} {[%emt 00:00:27]} Kf7
{[%clk 00:08:37]} {[%emt 00:01:56]} 49. Nc7 {[%clk 00:23:59]} {[%emt 00:01:59]}
Ra4 {[%clk 00:05:40]} {[%emt 00:03:27]} 50. Nxb5 {[%clk 00:23:48]} {[%emt
00:00:41]} Rxb4 {[%clk 00:05:57]} {[%emt 00:00:13]} 51. Nd6+ {[%clk 00:24:16]}
{[%emt 00:00:02]} Ke6 {[%clk 00:06:10]} {[%emt 00:00:16]} 52. Nxe4 {[%clk
00:24:41]} {[%emt 00:00:05]} Rb5 {[%clk 00:05:51]} {[%emt 00:00:49]} 53. a6
{[%clk 00:22:02]} {[%emt 00:03:10]} Ra5 {[%clk 00:05:33]} {[%emt 00:00:48]} 54.
Kd2 {[%clk 00:22:06]} {[%emt 00:00:26]} Kd5 {[%clk 00:04:51]} {[%emt 00:01:12]}
55. Nc3+ {[%clk 00:22:15]} {[%emt 00:00:21]} Kc5 {[%clk 00:04:53]} {[%emt
00:00:28]} 56. f5 {[%clk 00:18:34]} {[%emt 00:04:11]} gxf5 {[%clk 00:04:37]}
{[%emt 00:00:46]} 57. g5 {[%clk 00:17:59]} {[%emt 00:01:06]} Rxa6 {[%clk
00:04:50]} {[%emt 00:00:17]} 58. h5 {[%clk 00:18:25]} {[%emt 00:00:03]} Rd6+
{[%clk 00:00:32]} {[%emt 00:04:47]} 59. Kc2 {[%clk 00:18:23]} {[%emt 00:00:33]}
Rd4 {[%clk 00:29:02]} {[%emt 00:02:00]} 60. Ne2 {[%clk 00:48:06]} {[%emt
00:00:46]} Rg4 {[%clk 00:29:21]} {[%emt 00:00:11]} 61. g6 {[%clk 00:48:16]}
{[%emt 00:00:20]} Kd6 {[%clk 00:29:11]} {[%emt 00:00:41]} 62. Nf4 {[%clk
00:47:13]} {[%emt 00:01:33]} Ke7 {[%clk 00:28:43]} {[%emt 00:00:57]} 63. h6
{[%clk 00:46:20]} {[%emt 00:01:24]} Kf6 {[%clk 00:28:09]} {[%emt 00:01:03]} 64.
g7 {[%clk 00:45:40]} {[%emt 00:01:10]} Kf7 {[%clk 00:27:34]} {[%emt 00:01:04]}
65. Nh5 {[%clk 00:45:29]} {[%emt 00:00:43]} 1/2-1/2